| Tag |
First Indicator |
Second Indicator |
Subfields |
| LEADER |
00000cam a2200000 a 4500 |
| 001 |
in00000092450 |
| 005 |
20151008064219.0 |
| 008 |
800710s1981 nyuaf b 00110 engm |
| 010 |
|
|
|a 80019388
|
| 020 |
|
|
|a 0442295901
|
| 035 |
|
|
|a (OCoLC)06555066
|
| 035 |
|
|
|9 AAK3749AM
|
| 040 |
|
|
|a DLC
|c DLC
|d m.c.
|d CUX
|d TXA
|d UtOrBLW
|
| 049 |
|
|
|a TXAM
|c [387778]
|
| 050 |
0 |
0 |
|a QP572.S7
|b W5713
|
| 082 |
0 |
|
|a 612/.405
|2 19
|
| 096 |
|
|
|a QU85 W5713 1981
|
| 100 |
1 |
|
|a Witzmann, Rupert,
|d 1919-
|
| 240 |
1 |
0 |
|a Schlüssel des Lebens.
|l English
|
| 245 |
1 |
0 |
|a Steroids :
|b keys to life /
|c Rupert F. Witzmann ; translated by Rosemarie Peter ; foreword by Hans Selye.
|
| 264 |
|
1 |
|a New York :
|b Van Nostrand Reinhold,
|c [1981]
|
| 264 |
|
4 |
|c ©1981
|
| 300 |
|
|
|a xiii, 256 pages, 16 unnumbered pages of plates :
|b illustrations (some color) ;
|c 25 cm.
|
| 336 |
|
|
|a text
|b txt
|2 rdacontent
|
| 337 |
|
|
|a unmediated
|b n
|2 rdamedia
|
| 338 |
|
|
|a volume
|b nc
|2 rdacarrier
|
| 500 |
|
|
|a Translation of: Schlussel des Lebens.
|
| 500 |
|
|
|a Includes index.
|
| 504 |
|
|
|a Bibliography: pages 245-249.
|
| 650 |
|
0 |
|a Steroid hormones.
|
| 650 |
|
0 |
|a Metabolism
|x Regulation.
|
| 650 |
|
2 |
|a Steroids.
|
| 650 |
|
2 |
|a Metabolism.
|
| 999 |
|
|
|a MARS
|
| 999 |
f |
f |
|s 46ceb1b2-26fc-3950-b2b5-05ba092dcfaa
|i 60c0d8b6-a52b-312f-9874-7dd048f21637
|t 0
|
| 952 |
f |
f |
|p ric
|a Texas A&M University
|b Rellis Campus
|c Joint Library Facility
|d Remote Storage
|t 0
|e QP572.S7 W5713
|h Library of Congress classification
|i unmediated -- volume
|m A14806225419
|
| 998 |
f |
f |
|a QP572.S7 W5713
|t 0
|l Remote Storage
|